000 nam a22 7a 4500
999 _c7755
_d7755
008 171006b xxu||||| |||| 00| 0 eng d
100 _94233
_aSharma.P.
245 _aGeography-XII
260 _aNew Delhi
_bJPH
_c2009